000
00264nam a22001217a 4500
020
_a
81-7862-565-2
082
_a
001
_b
STE/C
245
_a
CELLS, GENS AND CHROMOSOMES
260
_a
NEW DELHI
_b
STERLING PRESS
300
_a
31
650
_a
GK
_z
NEW DELHI
942
_c
BK
999
_c
6249
_d
6249